banner koha

Callusing soil of grafted grape cuttings as a positive feature for climate change (Registro n. 331732)

MARC details
000 -LÍDER
fixed length control field 04293nab a2200313 i 4500
003 - CÓDIGO MARC DA AGÊNCIA CATALOGADORA
Campo de controle BR-BrBNA
005 - DATA E HORA DA ÚLTIMA ATUALIZAÇÃO
Campo de controle 20250526163429.0
008 - CAMPO DE TAMANHO FIXO
fixed length control field 250526b2024 bl.ar|pooa||| 00| 0 eng |
040 ## - FONTE DA CATALOGAÇÃO
Agência catalogadora BR-BrBNA
Idioma da catalogação eng
072 ## - CATEGORIA AGRIS
Código AGRIS F02
Código do objeto 0940
072 ## - CATEGORIA AGRIS
Código AGRIS F40
100 ## - ENTRADA PRINCIPAL - NOME PESSOAL
Nome pessoal Abdel-Mohsen, Mohamed Abdel-Aziz
100 ## - ENTRADA PRINCIPAL - NOME PESSOAL
Nome pessoal Rashedy, Ahmed AbdelHady
245 ## - TÍTULO PRINCIPAL
Título principal Callusing soil of grafted grape cuttings as a positive feature for climate change
500 ## - NOTA GERAL
Nota geral <br/>Publicação online; 7 illus.; 5 tables; Summaries (En, Pt); Bibliography p. 19-22
942 ## - ADDED ENTRY ELEMENTS (KOHA)
Koha item type Analítica
520 ## - NOTA DE RESUMO
Nota de conteúdo <br/><br/><br/>Abstract: Nowadays, some relative warming temperatures related to climate change may be provided at the grafting time. Therefore, this study was conducted during two seasons (2018-2019) to study the effect of three callusing method (callusing room, callusing soil, callusing tunnel) and four grafting date (15 Jan., 1Feb., 15 Feb., 1 Mar.) for early (Flame seedless), medium (Thompson seedless) and late (Crimson seedless) grape varieties on grafted grape cuttings as short methods for transplant production. The results indicated that, the early grapes variety achieved higher grafting success on 1st Feb. grafting date as well as the late grape variety in callusing room and callusing soil methods. Also, Callusing soil achieved grafted success by 72.9%, 68.55% and 77.94% compared to callusing tunnel 37.3%, 45.9% and 55% for Flame seedless, Thompson seedless and Crimson seedless, respectively as mean of both seasons. High grafting success resulted from the high content of indole and sugars, along with low phenol content before callusing stage, as well as high indole and low sugars of grafts partner after callusing stage. while, higher phenols was accumulated in rootstock after callusing stage. There is no antagonistic effect between grafts partners. Callusing soil may be considered as an eco-friendly, sustainable and cheaper alternative tool for callusing of grafts cuttings.<br/><br/><br/>Index terms: indole, phenol, rootstock, sugar, Vitis vinifera
520 ## - NOTA DE RESUMO
Nota de conteúdo <br/><br/><br/>Resumo: Atualmente, algumas temperaturas relativas de aquecimento relacionadas às mudanças climáticas, podem ser fornecidas no momento da enxertia. Portanto, este estudo foi conduzido durante duas temporadas (2018-2019) para estudar o efeito de três métodos de calosidade (sala de calosidade, solo caloso, túnel de calosidade) e quatro datas de enxertia (15 de janeiro, 1º de fevereiro, 15 de fevereiro e 1º de março .) para castas precoces (sem sementes Flame), médias (sem sementes Thompson) e tardias (sem sementes Crimson), em estacas de uva enxertadas como métodos curtos para a produção de transplante. Os resultados indicaram que a variedade de uvas precoces obteve maior sucesso de enxertia na data de enxertia de 1º de fevereiro, bem como a variedade de uva tardia, em sala de calos e solo com calos. Além disso, o solo caloso obteve sucesso de enxertia em 72,9%, 68,55% e 77,94% em comparação com o túnel caloso 37,3%, 45,9% e 55% para sem sementes Flame, sem sementes Thompson e sem sementes Crimson, respectivamente como média de ambas as estações. O alto sucesso da enxertia resultou do alto teor de indol e de açúcares, juntamente com baixo teor de fenóis antes do estágio de calosidade; bem como alto teor de indol e baixo teor de açúcares dos enxertos parceiros após o estágio de calosidade; enquanto, maiores fenóis foram acumulados no porta-enxerto após a fase de calosidade. Não há efeito antagônico entre parceiros de enxertos. O solo caloso pode ser considerado uma ferramenta alternativa ecologicamente correta, sustentável e mais barata para calosidade de estacas de enxertos.<br/><br/>Termos de indexação: indol, fenol, porta-enxerto, açúcar, Vitis vinífera.
650 ## - ASSUNTO - THESAGRO
Cabeçalho tópico ou nome geográfico UVA
650 ## - ASSUNTO - THESAGRO
Cabeçalho tópico ou nome geográfico MUDA
650 ## - ASSUNTO - THESAGRO
Cabeçalho tópico ou nome geográfico CONDIÇÃO AMBIENTAL
650 ## - ASSUNTO - THESAGRO
Cabeçalho tópico ou nome geográfico TEMPERATURA
650 ## - ASSUNTO - THESAGRO
Cabeçalho tópico ou nome geográfico PORTA-ENXERTO
650 ## - ASSUNTO - THESAGRO
Cabeçalho tópico ou nome geográfico PROPAGAÇÃO VEGETATIVA
650 ## - ASSUNTO - THESAGRO
Cabeçalho tópico ou nome geográfico FENOL
773 0# - ENTRADA ANALÍTICA
Host Biblionumber 805
Registro do item 350483
Imprenta Jaboticabal-SP Sociedade Brasileira de Fruticultura 1978
Outro identificador 2025-3102
Título Revista Brasileira de Fruticultura (Brazil)
ISSN 0100-2945
Colação v. 46 p. 1-22; (2024)
Número de controle de registro BR2025002994
856 ## - ACESSO E ENDEREÇO ELETRÔNICO
Identificador uniforme de recurso - URI https://www.scielo.br/j/rbf/a/zRKGcXnCzwdpM8fvHCNBsRM/?format=pdf&lang=en

Nenhum exemplar disponível.

BINAGRI

Telefone: (61)3218-2567/2388/3357/2097 - binagri@agro.gov.br

Ministério da Agricultura e Pecuária , Esplanada dos Ministérios, Bloco D, Anexo B, Brasília/DF, CEP: 70.043-900